Zamestnávanie zamestnancov so zdravotným postihnutím
Zákonník práce a zamestnanec so zdravotným postihnutím. Chránené pracovisko, chránená dielňa, príspevky. Zákon o službách zamestnanosti umožňuje zamestnávateľovi splniť si povinnosť zamestnávať povinný podiel občanov so zdravotným postihnutím aj kombináciou poskytovaných možností, teda vzájomnými ko...
Salvato in:
| Autore principale: | |
|---|---|
| Natura: | Capitolo di libro |
| Lingua: | slovacco |
| Soggetti: | |
| Tags: |
Nessun Tag, puoi essere il primo ad aggiungerne!!
|
MARC
| LEADER | 00000naa a2200000 4500 | ||
|---|---|---|---|
| 001 | 0236245 | ||
| 005 | 20171004111019.2 | ||
| 041 | 0 | |a slo | |
| 044 | |a SK | ||
| 245 | 1 | 0 | |a Zamestnávanie zamestnancov so zdravotným postihnutím |c Sandra Mrukviová Tomiová |
| 520 | |a Zákonník práce a zamestnanec so zdravotným postihnutím. Chránené pracovisko, chránená dielňa, príspevky. Zákon o službách zamestnanosti umožňuje zamestnávateľovi splniť si povinnosť zamestnávať povinný podiel občanov so zdravotným postihnutím aj kombináciou poskytovaných možností, teda vzájomnými kombináciami zamestnávania zamestnancov so zdravotným postihnutím, zadávaním zákaziek a odvodom za nesplnenie povinnosti zamestnávania občanov so zdravotným postihnutím. | ||
| 610 | 2 | 0 | |a invalidi |
| 610 | 2 | 0 | |a zamestnanie |
| 610 | 2 | 0 | |a dielne chránené |
| 610 | 2 | 0 | |a príspevky štátne |
| 610 | 2 | 0 | |a služby zamestnanosti |
| 610 | 2 | 0 | |a Slovensko |
| 100 | 1 | |a Mrukviová Tomiová, Sandra | |